000 00380nam a2200145Ia 4500
008 230312s9999||||xx |||||||||||||| ||und||
082 _a720
_bRIC-D
100 _aRichardson;Albert
245 0 _aDesign in Civil Architecture
260 _bPhilosophical Library
_aUSA
_c1956
300 _a215
546 _aEng.
650 _aArchitecture
_vDesign in Civil Architecture
942 _cBK
999 _c9671
_d9671